|
|
|
|
| LEADER |
02451nam a2200421 u 4500 |
| 001 |
10022550 |
| 003 |
upatras |
| 005 |
20210117205656.0 |
| 008 |
990123s1998 us eng |
| 952 |
|
|
|0 0
|1 0
|4 0
|6 621_402000000000000_2_C
|7 0
|9 187129
|a LISP
|b LISP
|c BSC
|d 2016-04-24
|i 044370
|l 3
|o 621.402 2 C
|p 025000057920
|r 2020-02-19 00:00:00
|s 2020-02-19
|t 1
|w 2016-04-24
|y BK15
|
| 952 |
|
|
|0 0
|1 0
|2 ddc
|4 0
|6 621_402000000000000_2_CEN
|7 0
|9 187130
|a LISP
|b LISP
|c BSC
|d 2016-04-24
|i 044490
|l 4
|m 2
|o 621.402 2 CEN
|p 025000057177
|r 2020-10-19 00:00:00
|s 2020-10-19
|t 2
|w 2016-04-24
|y BK15
|
| 952 |
|
|
|0 0
|1 0
|4 0
|6 621_402000000000000_2_C
|7 0
|9 187131
|a LISP
|b LISP
|c BSC
|d 2016-04-24
|i 044489
|l 0
|o 621.402 2 C
|p 025000057178
|r 2016-04-24 00:00:00
|t 3
|w 2016-04-24
|y BK15
|
| 952 |
|
|
|0 0
|1 0
|4 0
|6 621_402000000000000_2_C
|7 0
|9 187132
|a LISP
|b LISP
|c BSC
|d 2016-04-24
|i 057170
|l 2
|m 1
|o 621.402 2 C
|p 025000080394
|r 2018-11-01 00:00:00
|s 2018-10-01
|t 4
|w 2016-04-24
|y BK15
|
| 952 |
|
|
|0 0
|1 0
|4 0
|6 621_402000000000000_2_C
|7 0
|9 187133
|a LISP
|b LISP
|c BSC
|d 2016-04-24
|i 057171
|l 0
|o 621.402 2 C
|p 025000080393
|r 2016-04-24 00:00:00
|t 5
|w 2016-04-24
|y BK15
|
| 999 |
|
|
|c 115420
|d 115420
|
| 020 |
|
|
|a 0071152237
|
| 040 |
|
|
|a GR-PaULI
|c GR-PaULI
|
| 041 |
0 |
|
|a eng
|
| 082 |
0 |
4 |
|a 621.402 2
|
| 100 |
1 |
|
|a πCengel, Yunus A.
|9 147954
|
| 245 |
1 |
0 |
|a Heat transfer
|b a practical approach
|c Yunus A. πCengel
|
| 260 |
|
|
|a Boston, MA
|b WBC McGraw-Hill
|c 1998
|
| 300 |
|
|
|a xxxiv, 1006 p.
|b fig.
|c 25 cm.
|
| 490 |
0 |
|
|a Schaum's outline series in mechanical engineering
|
| 490 |
0 |
|
|a WCB/McGraw-Hill series in mechanical engineering
|
| 500 |
|
|
|a International edition
|
| 504 |
|
|
|a Includes bibliographical references and index
|
| 650 |
|
4 |
|a Μεταφορά θερμότητας
|9 5496
|
| 650 |
|
4 |
|a Φαινόμενα μεταφοράς
|9 47310
|
| 760 |
0 |
|
|a Schaum's outline series in mechanical engineering
|
| 760 |
0 |
|
|a WCB/McGraw-Hill series in mechanical engineering
|
| 852 |
|
|
|a GR-PaULI
|b ΠΑΤΡΑ
|b ΒΚΠ
|b ΒΣ1
|k ΑΣΧΞ
|h 621.402 2 C
|m 044370
|p 025000057920
|t 1
|
| 852 |
|
|
|a GR-PaULI
|b ΠΑΤΡΑ
|b ΒΚΠ
|b ΒΣ1
|k ΑΣΧΞ
|h 621.402 2 C
|m 044490
|p 025000057177
|t 2
|
| 852 |
|
|
|a GR-PaULI
|b ΠΑΤΡΑ
|b ΒΚΠ
|b ΒΣ1
|k ΑΣΧΞ
|h 621.402 2 C
|m 044489
|p 025000057178
|t 3
|
| 852 |
|
|
|a GR-PaULI
|b ΠΑΤΡΑ
|b ΒΚΠ
|b ΒΣ1
|k ΑΣΧΞ
|h 621.402 2 C
|m 057170
|p 025000080394
|t 4
|
| 852 |
|
|
|a GR-PaULI
|b ΠΑΤΡΑ
|b ΒΚΠ
|b ΒΣ1
|k ΑΣΧΞ
|h 621.402 2 C
|m 057171
|p 025000080393
|t 5
|
| 942 |
|
|
|2 ddc
|c BK15
|
| 998 |
|
|
|c ΠΑΝΑΓΟΠΟΥΛΟΥ
|d 1999-06
|